Calculus
| Main Author: | Anton, Howard |
|---|---|
| Other Authors: | Davis, Stephen, Bivens, Irl |
| Published: |
New York:
Wiley,
2002.
|
| Edition: | 7th ed. |
| Subjects: |
| LEADER | 00591cam a2200205 7i4500 | ||
|---|---|---|---|
| 001 | 0000008929 | ||
| 005 | 20170113090000.0 | ||
| 020 | |a 9780471381556 (hbk.) | ||
| 020 | |a 0471381551 (hbk.) | ||
| 090 | 0 | 0 | |a QA303 |b .A36 2002 |
| 100 | 1 | |a Anton, Howard | |
| 245 | 1 | 0 | |a Calculus |c Howard Anton, Irl Bivens, Stephen Davis. |
| 250 | |a 7th ed. | ||
| 260 | |a New York: |b Wiley, |c 2002. | ||
| 300 | |a xxiv, 787 p.: |b col. ill.; |c 27cm.. | ||
| 500 | |a Includes index | ||
| 650 | 0 | 0 | |a Calculus |
| 700 | 1 | |a Davis, Stephen | |
| 700 | 1 | |a Bivens, Irl | |
| 999 | |a 0000008837 |b BOK |c OPEN SHELF |e 2nd Floor, Bestari Jaya | ||


